000 00632nam a22002297a 4500
003 UA-OsUOA
001 73440
007 ta
008 20110301b un ||||| |||| 00| 0 ukr d
090 _a330.1(075.8)
_bЕ45
942 _cBK
040 _aUA-OsUOA
_bukr
_cUA-OsUOA
_dUA-OsUOA
245 _aЕкономічна теорія
_bПідручник
_cПід ред. Предборського В. А.
300 _a492 с.
955 _a2
041 _aukr
080 _a330.1(075.8)
020 _a966-7982-14-9
260 _aК.
_bКондор
_c2007
650 7 _a330 Економіка взагалі
_2UDC
999 _c359725
_d359725